Memoria descriptiva : ante proyecto escuela de música

El anteproyecto Escuela de Música, surge como requisito académico del presente semestre; su desarrollo se ha basado en los estudios realizados en el año 1983 por un equipo de trabajo de la republica de México (CONESCAL S.A.) por encargo del Ministerio de Cultura de Nicaragua, englobo los cuatro...

Full description

Bibliographic Details
Main Author: García A., Leonardo
Other Authors: Tutor: Pérez, Angela
Format: Tesis Section = Libro
Language:Undetermined
Spanish
Published: Managua Universidad Nacional Autónoma de Nicaragua (UNAN) 1984
Subjects:
LEADER 01079nam a2200217Ia 4500
008 240830s9999 xx 000 0 und d
040 |a BIBLIOTECA-RUSB/ Mon 728 G212 
041 |a spa 
082 |a Mon 728 G212 
100 1 |a García A., Leonardo 
245 1 0 |a Memoria descriptiva : ante proyecto escuela de música 
260 |a Managua  |b Universidad Nacional Autónoma de Nicaragua (UNAN)  |c 1984 
300 |a 59 p. :il. 
502 |a Tesis (Arquitecto) - Universidad Nacional Autónoma de Nicaragua (UNAN), 1984. 
520 3 |a El anteproyecto Escuela de Música, surge como requisito académico del presente semestre; su desarrollo se ha basado en los estudios realizados en el año 1983 por un equipo de trabajo de la republica de México (CONESCAL S.A.) por encargo del Ministerio de Cultura de Nicaragua, englobo los cuatro núcleos que forman las escuelas de arte, nuestro diseño solamente abarca la escuela de arte mencionada. 
650 7 |a MUSICA 
650 7 |b  ARQUITECTURA 
700 1 |a Tutor:  |b Pérez, Angela 
942 |c BK  |2 ddc 
991 |a TESIS 
999 |c 21435